000 00586nam a2200133Ia 4500
008 220615s9999||||xx |||||||||||||| ||und||
022 _a16648714
100 _aRichard J. Servatius||Gregory J. Quirk||Catherine E. Myers||Kevin C.H. Pang
245 0 _aAvoidance: From Basic Science to Psychopathology
546 _aEnglish[eng]
650 _aRDoC||stress||Amygdala||Diathesis||Anxiety||expectancy||cingulate||coping||Hippocampus||posttraumatic stress disorder
856 _uhttp://journal.frontiersin.org/researchtopic/2448/avoidance-from-basic-science-to-psychopathology
942 _cEB
999 _c10657
_d10657